| 000 | 01415nam a2200361 a 4500 | ||
|---|---|---|---|
| 003 | PE-LiUPU | ||
| 005 | 20250731173602.0 | ||
| 008 | 240724b |||||||| |||| 00| 0 spa d | ||
| 020 | _a9789972921193 | ||
| 040 |
_aBNP _bspa _cPE-LiUPU _dPE-LiUPU _erda |
||
| 082 | 0 | 4 |
_a248.25 _223 _bT917d |
| 245 | 1 | 0 |
_aDiscipulado : _bReflexiones bíblicas, teológicas y prácticas / _cEditado por: Alvaro F. Rodríguez y Roy E. Graf. |
| 264 |
_aLima : _bEdiciones Theológika, Fondo Editorial de la Universidad Peruana Unión _c2019. |
||
| 300 |
_a152 páginas ; _c21 centímetros. |
||
| 504 | _aBibliografía al pie de páginas. | ||
| 505 | _aDiscipulado en el Antiguo Testamento -- Discipulado en el Nuevo Testamento -- Una aproximación teológica al concepto de discipulado -- Elena de White y el discipulado -- Comunión, relación y misión: El discipulado en la División Sudamericana de la Iglesia Adventista del Séptimo Día. | ||
| 526 | _aSEG42 | ||
| 526 | _aSEG41 | ||
| 526 | _aSEG40 | ||
| 526 | _aSEG39 | ||
| 526 | _aP94 | ||
| 526 | _aP87 | ||
| 526 | _aP86 | ||
| 526 | _aP85 | ||
| 526 | _aP77 | ||
| 526 | _aP76 | ||
| 526 | _aP35 | ||
| 650 | 2 | 8 |
_aDiscipulado (Cristianismo) _9847 |
| 650 | 2 | 4 |
_aMisión _93055 |
| 710 | 2 | _aUniversidad Peruana Unión. | |
| 942 |
_2ddc _cBK _n0 |
||
| 980 |
_618226 _aJaime Vilcazán Jefe de Análisis Documental _81 _gALBERTO SANCHEZ Responsable de Automatización |
||
| 999 |
_c62602 _d62601 |
||